Yvelines - Statistiques

Statistiques générales
  • Ce quiz a été pris 39 fois
  • Le résultat moyen est 11 sur 20
Statistiques - réponses
Hint Réponse % Correct
Centre commercial à Vélizy-Villacoublay Westfield Vélizy 2
94%
Gare la plus fréquentée de Versailles Versailles-Chantiers
78%
Nombre de ligne de transiliens traversant le département 5
75%
Terminus Nord du T13 Saint Germain en Laye
72%
Communauté d'agglomération comprenant Plaisir, Trappes, Guyancourt... Saint Quentin en Yvelines
69%
Futur terminus du RER E Mantes la Jolie
67%
Commune importante commençant par P, vers le Nord Poissy
67%
Sous préfecture sur la ligne Paris Montparnasse-Chartres Rambouillet
64%
Terminus du RER B Saint Rémy lès Chevreuse
61%
Commune fusionnée au Chesnay le 1er janvier 2019 Rocquencourt
58%
Couleur du T6 Rouge
58%
Ancien département composé du 78, 91, 95 et d'une partie de la petite couronne dont Versailles était la préfecture Seine et Oise
53%
Deuxième commune la plus peuplée du département Sartrouville
50%
Terminus du transilien L situé à côté d'une forêt domaniale Saint Nom la Bretèche-Forêt de Marly
44%
Centre commercial à Plaisir Mon grand plaisir
39%
Quartier et gare à Versailles ayant pour homonyme une commune très importante du 93 Montreuil
39%
Commune à l'intersection des Hauts de Seine et du Val d'Oise Carrières sur Seine
25%
Seule commune de la grande couronne située en zone tarifaire 3 Viroflay
25%
Dernière gare d'Ile de France avant la Normandie sur le transilien J Bonnières
22%
Commune proche de Rambouillet qui est une étape du GR1 Gazeran
19%
Aucun quiz correspondant
Distribution des résultats
% des personnes avec chaque résultat
Percentile par nombre de réponses
Votre historique - résultats
Vous n’avez pas pris ce quiz